Catálogo
Digital

Catálogo
Digital

Una Química Divertida (Record no. 14404)

MARC details
000 -CABECERA
campo de control de longitud fija 01587nam a2200289 4500
003 - IDENTIFICADOR DEL NÚMERO DE CONTROL
campo de control EC-UNACH
006 - CÓDIGOS DE INFORMACIÓN DE LONGITUD FIJA--CARACTERÍSTICAS DEL MATERIAL ADICIONAL
campo de control de longitud fija s||||gr|||| 00| 00
008 - DATOS DE LONGITUD FIJA--INFORMACIÓN GENERAL
campo de control de longitud fija 150116t9999 mx r gr 000 0 spa d
020 ## - NÚMERO INTERNACIONAL ESTÁNDAR DEL LIBRO
Número Internacional Estándar del Libro 978-84-7360-558-8
040 ## - FUENTE DE LA CATALOGACIÓN
Centro catalogador/agencia de origen EC-UNACH
Centro/agencia transcriptor EC-UNACH
041 ## - CÓDIGO DE LENGUA
Código de lengua del texto/banda sonora o título independiente Español
082 04 - NÚMERO DE LA CLASIFICACIÓN DECIMAL DEWEY
Número de edición 23
Número de clasificación 542
Número de documento/Ítem L018581
100 ## - ENTRADA PRINCIPAL--NOMBRE DE PERSONA
Nombre de persona Fernández, B., Miguel
245 ## - MENCIÓN DE TÍTULO
Título Una Química Divertida
Resto del título Experimentos químicos para realizar de forma sencilla
250 ## - MENCIÓN DE EDICIÓN
Mención de edición Primera Edición
264 ## - Producción, publicación, distribución, fabricación y copyright
Lugar de producción, publicación, distribución, fabricación Madrid - España
Nombre del de productor, editor, distribuidor, fabricante Editorial TÉBAR FLORES, S.L.,
Fecha de de producción, publicación, distribución, fabricación o copyright 2016
300 ## - DESCRIPCIÓN FÍSICA
Extensión 298 páginas
Otras características físicas Figuras, tablas, dibujos
Dimensiones 24 x 16.5 centímetros
501 ## - NOTA DE "CON"
Nota de “Con” Incluye Prólogo, Índice, Introducción, Adenda 1 Conceptos Químicos Sencillos, Adenda 2 Algunos materiales de laboratorio, Referencias Bibliográficas
505 ## - NOTA DE CONTENIDO CON FORMATO
Nota de contenido con formato Una breve historia de la química --- 1. El bosque químico -- 2. La serpiente del faraón -- 3. El matamoscas -- 4. El árbol de Saturno -- 5. La lluvia de oro -- 6. El volcán -- 7. El cerdito gruñón -- 8. La vela comestible -- 9. La luminaria -- 10. La bandera americana -- 11. ¿Apaga el agua el fuego o lo inicia? -- 12. Cromatografía -- 13. El aguarrás ardiente -- 14. La viruta que arde sola -- 15. El azúcar que arde sin prenderla -- 16. La muerte del Conde Drácula -- 17. El flash de aluminio -- 18. La lluvia de fuego
650 ## - PUNTO DE ACCESO ADICIONAL DE MATERIA--TÉRMINO DE MATERIA
Término de materia o nombre geográfico como elemento inicial QUIMICA DIVERTIDA
650 ## - PUNTO DE ACCESO ADICIONAL DE MATERIA--TÉRMINO DE MATERIA
Término de materia o nombre geográfico como elemento inicial EXPERIMENTOS SENCILLOS
650 ## - PUNTO DE ACCESO ADICIONAL DE MATERIA--TÉRMINO DE MATERIA
Término de materia o nombre geográfico como elemento inicial SÍMBOLOS QUÍMICOS
942 ## - ELEMENTOS DE PUNTO DE ACCESO ADICIONAL (KOHA)
Fuente del sistema de clasificación o colocación Clasificación Decimal Dewey
Tipo de ítem Koha Libros
999 ## - NÚMEROS DE CONTROL DE SISTEMA (KOHA)
Koha biblionumber 14404

No items available.

Powered by Koha